Statystyki dla 10 najlepszych Marek Telefonow w 30 sekund

Kliknij tutaj aby rozwiązać quiz!

Ogólne statystyki

  • Ten quiz został rozwiązany 620 razy
    (262 od ostatniego zresetowania)
  • Średni wynik to 5 z 10

Statystyki odpowiedzi

#Brand% Poprawnych
1Samsung
99%
2Apple
66%
3Huawei
62%
4Xiaomi
60%
10Nokia
52%
7Motorola
44%
5Oppo
34%
9LG
33%
8Lenovo
8%
6Vivo
6%

Rozkład punktacji

Percentyl według liczby udzielonych odpowiedzi

Procent ludzi z każdym wynikiem

Twoja historia wyników

Nie rozwiązałeś tego quizu od ostatniego zresetowania